| 000 | 01134cam a2200253 4500 | ||
|---|---|---|---|
| 001 | ABS63221 | ||
| 008 | 000000n2000 000 0 eng u | ||
| 035 | _a(Sirsi) u109455 | ||
| 100 | _aMalcolm, R | ||
| 245 | _aSomething of a nuisance | ||
| 260 | _c2000 | ||
| 490 |
_aEstates Gazette _v(0045) 11 November 2000, 170-171(2) |
||
| 520 | _aA 'mainly for students' article which examines why the interpretation of statutory nuisance is still defined in accordance with 19th century sanitation statutes. Identifies the Environmental Protection Act s79(1)(a), 'premises in such a state as to be prejudicial to health or a nuisance', as the key nuisance for surveyors. Traces the history of the legislation, and looks at the interpretation of the health and nuisance limbs in recent cases. Case law. Diagram explaining statutory nuisances. | ||
| 590 | _aABS | ||
| 650 | _aENVIRONMENTAL PROTECTION ACT 1990 | ||
| 650 | _aPUBLIC HEALTH ACT 1936 | ||
| 650 | _aSTATUTORY NUISANCE | ||
| 650 | _aSANITATION | ||
| 650 | _aHEALTH | ||
| 650 | _aPUBLIC NUISANCE | ||
| 650 | _aINTERPRETATION | ||
| 690 | _aPROPERTY | ||
| 942 | _n0 | ||
| 999 |
_c65340 _d65340 |
||